| 000 | 02896cam a22004214i 4500 | ||
|---|---|---|---|
| 003 | PE-LiUPU | ||
| 005 | 20250731175636.0 | ||
| 008 | 150706s r 000 0 d | ||
| 020 | _a0521387795 | ||
| 035 | _a(Sirsi) i9780521387798 | ||
| 040 |
_aPE-LiUPU _bspa _cPE-LiUPU _erda |
||
| 049 | _aPRUA | ||
| 082 | 0 | 4 |
_a418.007 _bS3 _221 |
| 245 | 0 | 1 |
_aSecond language teacher education / _cedited by Jack C. Richards and David Nunan. |
| 264 | 1 |
_aCambridge [England] ; New York : _bCambridge University Press, _c1990. |
|
| 300 |
_a340 páginas : _bilustraciones ; _c23 centímetros |
||
| 336 |
_atext _2rdacontent |
||
| 337 |
_aunmediated _2rdamedia |
||
| 338 |
_avolume _2rdacarrier |
||
| 490 | 0 | _aThe Cambridge language teaching library | |
| 505 | 0 | _aIssues and Approaches in Teacher Education -- The dilemma of teacher education in second language teaching -- Beyond prescription: the student teacher as investigator -- Activities and procedures for teacher preparation -- Questions and tasks -- Investigating Teachers and Learners in the Classroom -- Teacher observation in second language teacher education -- Action research in the language classroom -- Understanding classroom role relationships -- Questions and tasks -- The Practicum -- Intervening in practice teaching -- Interaction in a teaching practicum -- A professional development focus for the language teaching practicum -- Supervision -- Models of supervision: choices -- Clinical supervision of language teaching: the supervisor as trainer and educator -- 'Let's see': contrasting conversations about teaching -- Questions and tasks -- Self-Observation in Teacher Development -- Teacher development through reflective teaching -- The use of diary studies in teacher education programs -- An ongoing dialogue: learning logs for teacher preparation -- Questions and tasks -- Case Studies -- A blueprint for a teacher development program -- Developing teachers' language resources -- An ethnographic approach to inservice preparation: the Hungary file -- Observing classroom behaviours and learning outcomes in different second language programs -- Questions and tasks. | |
| 526 | _aP145 | ||
| 526 | _aP127 | ||
| 526 | _aP97 | ||
| 526 | _aP35 | ||
| 526 | _aP14 | ||
| 526 | _aP07 | ||
| 650 | 0 | 4 |
_aProfesores de lenguas _xFormación profesional. |
| 700 | 1 |
_aNunan, David, _eed. |
|
| 700 | 1 |
_aRichards, Jack C., _eed. |
|
| 910 |
_bjv _clch _d20101006 |
||
| 942 |
_2ddc _cBOOK |
||
| 949 |
_a418.007 S3 _wDEWEY _c1 _i62130 _lCCODEBUL1 _mBUL _p23.00 _r0 _sY _tBOOK _u2015-7-6 _xEDUCACION _PP20 _0COMPRA _o.STAFF. Colección General |
||
| 994 |
_aC0 _bPEPRU |
||
| 596 | _a1 | ||
| 999 |
_a418.007 S3 _wDEWEY _c51217 _i62130 _d51217 _f2021-11-8 _g5 _lCCODEBUL1 _mBUL _p23.00 _q2 _r0 _sN _tBOOK _u2015-7-6 _xEDUCACION _PP20 _0COMPRA _o.STAFF. Colección General |
||
| 980 |
_81 _gALBERTO SANCHEZ Responsable de Automatización |
||